Communes Limitrophes de Reims - Statistiques

Statistiques générales
  • Ce quiz a été pris 259 fois
  • Le résultat moyen est 7 sur 15
Statistiques - réponses
Position Commune % Correct
Sud Cormontreuil
91%
Ouest Tinqueux
88%
Nord Bétheny
73%
Ouest Saint-Brice-Courcelles
70%
Sud-Ouest Bezannes
69%
Nord-Est Witry-lès-Reims
64%
Sud-Est Taissy
58%
Est Cernay-lès-Reims
55%
Sud Champfleury
41%
Sud-Est Saint-Léonard
31%
Nord Courcy
24%
Sud Trois-Puits
23%
Nord-Ouest Saint-Thierry
17%
Sud-Ouest Villers-aux-Nœuds
12%
Sud-Est Puisieulx
7%
Aucun quiz correspondant
Distribution des résultats
% des personnes avec chaque résultat
Percentile par nombre de réponses
Votre historique - résultats
Vous n’avez pas pris ce quiz